00770 2200265 4500001002100000005001700021008004100038020002200079035002400101040001200125082000800137084001400145100001900159245014000178260004200318300002400360650001000384700001600394700001400410850001200424990001600436990001600452990001800468990001800486YOGYA-0209000007339320160824155654.0 ind  a978-979-22-3476-3 0010-020900000073393 aYOPDYOG a170 a170 Bor M aBORBA, Michele aMembangun kecerdasan moral :bTujuh kebajikan utama agar anak bermoral tinggi /cMichelle Borba;alih bahasa Hina yusuf;editor Raviyanto aJakartabGramedia Pustaka Utamac2008 axiii,352 hlmc23 cm aEtika aYusuf, Hina aRaviyanto aYOPDYOG a159.PK/B.08 a160.PK/B.08 a45517-PD/B.08 a45519-PD/B.08